00224nam a2200085Ia 4500001000800000005001700008008004100025245005000066260002200116119712220250827021820.0250824s9999 xx 000 0 und d 0aBİR HAYAT BİR HAYATA DEĞERcAHMET ASLAN bEVEREST YAYINLARI